[Event "Open Dutch Championship"]
[Site "Dieren NED"]
[Date "2005.08.01"]
[Round "6"]
[White "Van Assendelft,F"]
[Black "Veltman,J"]
[Result "1/2-1/2"]
[WhiteElo "2248"]
[BlackElo "2126"]

1.e4 c5 2.Nf3 Nc6 3.Nc3 e6 4.d4 cxd4 5.Nxd4 Qc7 6.Be2 a6 7.O-O Nf6 8.Be3 Bb4
9.Na4 Be7 10.Nxc6 bxc6 11.Qd4 Rb8 12.c4 d5 13.cxd5 Rb4 14.Qd1 Nxe4 15.a3 Rb8
16.dxe6 Bxe6 17.Qd4 Bd5 18.Nb6 O-O 19.Nxd5 cxd5 20.Qxd5 Rxb2 21.Bxa6 Nc3
22.Qf3 Bf6 23.Bd3 Qa5 24.Qf5 Qxf5 25.Bxf5 Ra8 26.Rfe1 Rb3 27.Bc2 Rbxa3 28.Rxa3 Rxa3
29.Bd4 Ra8 30.Bxf6 gxf6 31.g3 Ra7 32.Re3 Nd5 33.Re4 h6 34.Rg4+ Kh8 35.Kg2 Ra2
36.Rc4 Kg7 37.Kh3 Ne7 38.Kg4 Ng6 39.Rc7 Rb2 40.f4 Rb5 41.Bd3 Ra5 42.Bc4 Nh8
43.h4 Ra3 44.h5 Ra5 45.Rd7 Rc5 46.Bd5 Rc2 47.Kf5 Rh2 48.Bf3 Rf2 49.Rd3 Rb2
50.g4 Rb5+ 51.Rd5 Rb6 52.Rd7 Ra6 53.Bd5 Rb6 54.Rd8 Ra6 55.g5 fxg5 56.fxg5 hxg5
57.Kxg5 Rh6 58.Rd7  1/2-1/2

[Event "15th ETC"]
[Site "Gothenburg SWE"]
[Date "2005.08.01"]
[Round "3"]
[White "Berkes,F"]
[Black "Markus,R"]
[Result "0-1"]
[WhiteElo "2619"]
[BlackElo "2591"]

1.e4 c5 2.Nf3 e6 3.d4 cxd4 4.Nxd4 Nc6 5.Nc3 Qc7 6.Be3 a6 7.Qd2 Nf6 8.O-O-O Bb4
9.f3 Ne5 10.Nb3 b5 11.Qe1 Be7 12.f4 Ng6 13.e5 Ng4 14.Bd2 Bb7 15.Bd3 Rc8 16.h3 Nh6
17.Ne4 O-O 18.g4 f5 19.exf6 Nxf4 20.Kb1 gxf6 21.Rf1 Nxd3 22.cxd3 Bxe4 23.dxe4 Nf7
24.Bc3 Ne5 25.Ka1 Nc4 26.Rc1 Qh2 27.Qh4 b4 28.Rf2 Qd6 29.Bxf6 Rxf6 30.Rxf6 Qe5
31.Rxc4 Rxc4 32.Rg6+ hxg6 33.Qxe7 Qg7 34.Qe8+ Kh7 35.e5 Rf4  0-1

[Event "15th ETC Women"]
[Site "Gothenburg SWE"]
[Date "2005.08.01"]
[Round "3"]
[White "Houska,Jo"]
[Black "Peng Zhaoqin"]
[Result "0-1"]
[WhiteElo "2342"]
[BlackElo "2405"]

1.e4 c5 2.Nf3 Nc6 3.d4 cxd4 4.Nxd4 e6 5.Nc3 Qc7 6.Be3 a6 7.Bd3 Nf6 8.O-O Nxd4
9.Bxd4 Bc5 10.Bxc5 Qxc5 11.Kh1 d6 12.Qd2 e5 13.Rad1 Be6 14.f4 exf4 15.Rxf4 Qg5
16.Nd5 Bxd5 17.exd5 O-O 18.c4 Rae8 19.Kg1 Re5 20.Rf3 Qxd2 21.Rxd2 a5 22.Bf1 Nd7
23.Rb3 b6 24.g3 Rc8 25.Bh3 f5 26.Rf2 g6 27.g4 Rxc4 28.gxf5 g5 29.f6 Re1+
30.Bf1 Rg4+ 31.Kh1 Kf7 32.Rc3 Nxf6 33.Rc6 Rf4 34.Kg2 Rg4+ 35.Kf3 h5 36.h3 Rg1
37.Bd3 Nd7 38.Be2 Ke7 39.Ke3 g4 40.hxg4 hxg4 41.Rh2 Rh1 42.Rxh1 Rxh1 43.Bxg4 Ne5
44.Rc7+ Kf6 45.Be2 Rh3+ 46.Ke4 Rh2 47.Rc2 Nd7 48.Bd1 Nc5+ 49.Kd4 Rh4+ 50.Ke3 Re4+
51.Kf3 Rd4 52.Be2 Rxd5 53.Ke3 Re5+ 54.Kf3 Ne6 55.Rd2 Ng5+ 56.Kg4 Ne4 57.Rd4 d5
58.Bf3 Ke6 59.b4 Nf6+ 60.Kf4 Rf5+ 61.Ke3 Ke5 62.Be2 Rg5 63.Rh4 d4+ 64.Rxd4 Nd5+
65.Rxd5+ Kxd5 66.bxa5 bxa5 67.a4 Kc5 68.Bb5 Rd5 69.Ke4 Rd1 70.Ke3 Kb4 71.Ke2 Rd6
72.Ke3 Kc3 73.Ke4 Rd1 74.Bc6 Rh1 75.Bb5 Re1+ 76.Kd5 Re7 77.Bc6 Rh7 78.Bb5 Rh4
79.Bc6 Rh7 80.Bb5 Rh4 81.Bc6 Rc4 82.Bb5 Rd4+ 83.Ke5 Rh4 84.Kd5 Kb3 85.Kc5 Rg4
86.Kd5 Kb4 87.Be8 Rg1 88.Bc6 Rd1+ 89.Ke4 Kc3 90.Bb5 Re1+ 91.Kd5 Re3 92.Bc6 Rd3+
93.Ke4 Rd4+ 94.Ke3 Rd6 95.Bb5 Re6+ 96.Kf3 Kd4 97.Bd7 Re3+ 98.Kf2 Kd3 99.Bc6 Kd2
100.Bb5 Rc3 101.Bd7 Rc7 102.Bb5 Rf7+ 103.Kg2 Kc3 104.Be8 Rf8 105.Bb5 Kb4
106.Kg3 Rf5 107.Bc6 Rf1 108.Kg2 Ra1 109.Kf2 Rxa4 110.Bxa4 Kxa4 111.Ke2 Kb3  0-1

[Event "15th ETC"]
[Site "Gothenburg SWE"]
[Date "2005.08.01"]
[Round "3"]
[White "Guseinov,G"]
[Black "Mastrovasilis,D"]
[Result "1/2-1/2"]
[WhiteElo "2585"]
[BlackElo "2563"]

1.e4 c5 2.Nf3 e6 3.d4 cxd4 4.Nxd4 Nc6 5.Nc3 Qc7 6.g3 a6 7.Bg2 d6 8.O-O Bd7
9.Nxc6 Bxc6 10.a4 Nf6 11.Be3 Be7 12.a5 Nd7 13.Na4 O-O 14.Nb6 Rae8 15.c4 Nxb6
16.Bxb6 Qd7 17.Qd3 f5 18.Rad1 fxe4 19.Bxe4 Bxe4 20.Qxe4 Rf5 21.Rd3 Bf8 22.Re1 Qc6
23.Qg4 h5 24.Qd4 d5 25.cxd5 exd5 26.Rxe8 Qxe8 27.Re3 Qf7 28.Re2 Be7 29.Qc3 Kh7
30.Qc2 g6 31.Qc8 Bf6 32.Rc2 Re5 33.Rc7 Re7 34.Rxe7 Qxe7 35.Qc2 Qe4 36.Qc7+ Qe7
37.Qc2 Qe4  1/2-1/2

[Event "15th ETC"]
[Site "Gothenburg SWE"]
[Date "2005.08.01"]
[Round "3"]
[White "Lie,K"]
[Black "Berend,E"]
[Result "1-0"]
[WhiteElo "2472"]
[BlackElo "2350"]

1.e4 c5 2.Nf3 e6 3.d4 cxd4 4.Nxd4 Nc6 5.Nc3 a6 6.Be2 d6 7.Be3 Nf6 8.f4 Be7
9.g4 Qa5 10.Nb3 Qc7 11.g5 Nd7 12.Qd2 b5 13.O-O-O Nb6 14.Nd4 b4 15.Nb1 Rb8
16.Nxc6 Qxc6 17.Qxb4 O-O 18.Rd3 Nd7 19.Qe1 Qxe4 20.Nd2 Qa4 21.Ra3 Qc6 22.Rc3 Qa4
23.Bc4 d5 24.Bb3 Qa5 25.Bd4 Rb4 26.Qf2 Bd6 27.Rh3 Re8 28.Bc3 Nf8 29.Rf3 Qc7
30.Bxb4 Bxb4 31.h4 Bb7 32.Rf1 a5 33.h5 Ba6 34.Rh1 Bc5 35.Qe1 Bb7 36.Rhf1 Ba6
37.Rh1 Bb7 38.Rh4 e5 39.f5 e4 40.Rf1 e3 41.Nf3 e2 42.Rfh1 Qe7 43.g6 Qe3+
44.Nd2 Bb4 45.c3 Bd6 46.R4h3 Qg5 47.gxf7+ Kxf7 48.Kb1 Re3 49.Nf3 Qf4 50.Nd4 Rxh3
51.Rxh3 Qe4+ 52.Bc2 Qg2 53.Re3 Ba6 54.Nxe2 Nd7 55.Nf4 Qf1 56.Qxf1 Bxf1 57.Nxd5 Ne5
58.Re1 Bg2 59.Bb3 Kf8 60.Nf4  1-0

[Event "15th ETC Women"]
[Site "Gothenburg SWE"]
[Date "2005.08.01"]
[Round "3"]
[White "Djingarova,E"]
[Black "Milliet,S"]
[Result "1/2-1/2"]
[WhiteElo "2277"]
[BlackElo "2321"]

1.e4 c5 2.Nf3 e6 3.d4 cxd4 4.Nxd4 Nc6 5.Nc3 Qc7 6.g3 a6 7.Bg2 Nf6 8.O-O Nxd4
9.Qxd4 Bc5 10.Bf4 d6 11.Qd2 h6 12.Rad1 e5 13.Be3 Be6 14.Bxc5 dxc5 15.Nd5 Bxd5
16.exd5 Qd6 17.f4 O-O 18.fxe5 Qxe5 19.d6 Qxb2 20.c3 Qxd2 21.Rxd2 Rab8 22.a4 Rfd8
23.Rb1 b5 24.a5 Kf8 25.Bc6 Rbc8 26.Bb7 Rb8 27.Bc6 Rbc8 28.Bb7 Rb8 29.Bc6  1/2-1/2

[Event "15th ETC Women"]
[Site "Gothenburg SWE"]
[Date "2005.08.01"]
[Round "3"]
[White "Zawadzka,J"]
[Black "Nill,J"]
[Result "1-0"]
[WhiteElo "2402"]
[BlackElo "2323"]

1.e4 c5 2.Nf3 e6 3.d4 cxd4 4.Nxd4 Nc6 5.Nc3 Qc7 6.Be3 a6 7.Qd2 Nf6 8.O-O-O b5
9.Nxc6 dxc6 10.Bf4 Qb6 11.f3 Be7 12.Bd6 Bxd6 13.Qxd6 Nd7 14.a4 Qc5 15.e5 Qxd6
16.exd6 Nb6 17.a5 Nd5 18.Ne4 Kd7 19.g4 h6 20.b3 b4 21.f4 f5 22.gxf5 exf5
23.Bh3 Ke6 24.Rhe1 Kf7 25.Nc5 Rd8 26.Nd3 Kf6 27.Bg2 Rb8 28.Ne5 Rxd6 29.Nxc6 Rxc6
30.Rxd5 Be6 31.Rd3 Rc5 32.Rd6 Re8 33.Rxa6 g5 34.Bc6 Re7 35.Bd7 Rxd7 36.Rexe6+ Kg7
37.Rg6+ Kh7 38.Rxh6+ Kg7 39.Rag6+ Kf7 40.Rxg5 Rdd5 41.Rh7+ Kf8 42.a6  1-0

[Event "92nd ch-GBR"]
[Site "Douglas IOM"]
[Date "2005.08.02"]
[Round "2"]
[White "Ashton,A"]
[Black "Conquest,S"]
[Result "1/2-1/2"]
[WhiteElo "2294"]
[BlackElo "2503"]

1.e4 c5 2.Nf3 e6 3.d4 cxd4 4.Nxd4 Nc6 5.Nc3 a6 6.Nxc6 bxc6 7.Bd3 Qc7 8.O-O Nf6
9.Qe2 d6 10.f4 Nd7 11.b3 Be7 12.Bb2 Bb7 13.Na4 O-O 14.Rae1 a5 15.Kh1 Rae8
16.e5 g6 17.Qg4 Qd8 18.exd6 Bxd6 19.Rd1 Qe7 20.Bc4 Rd8 21.Rfe1 Nf6 22.Qg5 Nd5
23.Qxe7 Bxe7 24.g3 Nb4 25.Bd3 c5+ 26.Kg1 Bf3 27.Rd2 c4 28.bxc4 Bc6 29.Nc3 Nxc2
30.Rxc2 Rxd3 31.Ne4 f6 32.Kf2 Kf7 33.Rce2 Bxe4 34.Rxe4 Bc5+ 35.Kg2 Rb8 36.R1e2 Rb6
37.h3 Rd1 38.Kf3 Rf1+ 39.Kg2 Rb1 40.Bc3 Rc1 41.Bxa5 Rbb1 42.Re1 Rxe1 43.Bxe1 Rb2+
44.Kf1 Rxa2 45.Re2 Ra1 46.Rb2 e5 47.fxe5 fxe5 48.Ke2 Ke6 49.Rc2 Kf5 50.Bf2 Bxf2
51.Kxf2 Ke4 52.c5 Kd3 53.Rb2 Ra6 54.Rb3+ Kd4 55.Rb7 h5 56.Re7 Ke4 57.Rf7 Rc6
58.h4 Rxc5 59.Rf6 Rc2+ 60.Kf1 Ke3 61.Rxg6 e4 62.Rg5 Kf3 63.Rf5+ Kxg3 64.Rxh5 Kf3
65.Rf5+ Ke3 66.Ra5 Kf3 67.Rf5+ Ke3 68.Ra5  1/2-1/2

[Event "15th ETC Women"]
[Site "Gothenburg SWE"]
[Date "2005.08.02"]
[Round "4"]
[White "Zaksaite,S"]
[Black "Medvegy,N"]
[Result "1-0"]
[WhiteElo "2237"]
[BlackElo "2387"]

1.e4 c5 2.Nf3 e6 3.d4 cxd4 4.Nxd4 Nc6 5.Nc3 Qc7 6.g3 a6 7.Bg2 d6 8.O-O Be7
9.Re1 Bf6 10.Nxc6 bxc6 11.Bf4 Be7 12.e5 d5 13.Qg4 Kf8 14.Na4 Rb8 15.c4 Qa5
16.Qd1 Bd7 17.b3 Be8 18.a3 h5 19.Bf1 h4 20.c5 Qd8 21.Bxa6 Ra8 22.Bf1 Rxa4
23.bxa4 Bxc5 24.Qb3 hxg3 25.hxg3 Ne7 26.Bg5 Qa5 27.Red1 Qa7 28.Be3 d4 29.Bd2 Nd5
30.Bb4 Nxb4 31.axb4 Bb6 32.a5 Bc7 33.Re1 Bd7 34.Qc4 f6 35.exf6 gxf6 36.Qc5+ Qxc5
37.bxc5 Ke7 38.Ra4 Ra8 39.a6 Bc8 40.a7 Kd8 41.Bg2 Bd7 42.Ra6 e5 43.Rea1 f5
44.Bxc6 Bxc6 45.Rxc6 Kd7 46.Rf6 f4 47.gxf4 exf4 48.Rf7+ Kc6 49.Rxc7+ Kxc7
50.Kf1 f3 51.Ke1 Kc6 52.Ra5 Kd5 53.Kd2 Kc4 54.c6 Kb4 55.Ra1  1-0

[Event "15th ETC Women"]
[Site "Gothenburg SWE"]
[Date "2005.08.02"]
[Round "4"]
[White "Daulyte,D"]
[Black "Lakos,N"]
[Result "0-1"]
[WhiteElo "2195"]
[BlackElo "2313"]

1.e4 c5 2.Nf3 e6 3.d4 cxd4 4.Nxd4 Nc6 5.Nc3 Qc7 6.Be2 a6 7.O-O b5 8.a3 Bb7
9.Kh1 Nf6 10.f4 Nxd4 11.Qxd4 Bc5 12.Qd3 d5 13.exd5 Nxd5 14.Ne4 Be7 15.Qg3 g6
16.Bd3 Nf6 17.Ng5 Bd5 18.Bd2 Nh5 19.Qg4 Nf6 20.Qh3 h5 21.Bc3 Rg8 22.Rae1 Qb6
23.Qg3 Rc8 24.Ne4 Nxe4 25.Bxe4 h4 26.Qf3 Bxe4 27.Rxe4 Qc6 28.Rfe1 Bxa3 29.Qg4 Be7
30.f5 h3 31.fxe6 f5 32.Qf3 Rf8 33.R4e2 b4 34.Qxc6+ Rxc6 35.Bd4 Bf6 36.c3 Ke7
37.Kg1 Bxd4+ 38.cxd4 Rd6 39.Rc2 Rxe6 40.Rc7+ Kf6 41.Rxe6+ Kxe6 42.Rc6+ Kf7
43.Rb6 a5 44.Rb5 Rc8 45.gxh3 Rc2 46.b3 Rc3 47.Kg2 Rxb3 48.Rxa5 Rd3 49.d5 b3
50.Rb5 g5 51.Rb7+ Kf6 52.d6 Rd2+ 53.Kg3 Rd3+ 54.Kg2 Rd2+ 55.Kf3 Rxh2 56.Kg3 Rb2
57.d7 Ke7 58.Kf3 Kd8 59.Kg3 f4+ 60.Kg4 Rg2+ 61.Kf5 b2 62.Ke4 Re2+ 63.Kf3 Rh2
64.Kg4 Rg2+ 65.Kf3 Rg3+ 66.Ke4 Re3+ 67.Kf5 Re2 68.Kg4 Rh2 69.Kf3 Rxh3+ 70.Kg2 Rg3+
71.Kf2 Rh3 72.Kg2 g4 73.Rxb2 f3+ 74.Kg1 g3 75.Rb1 g2 76.Kf2 Rh1 77.Rb8+ Kxd7
78.Rg8 Rf1+  0-1

[Event "Open"]
[Site "Nice FRA"]
[Date "2005.08.02"]
[Round "3"]
[White "Sanchez,Joseph"]
[Black "Tonoian,A"]
[Result "1-0"]
[WhiteElo "2452"]
[BlackElo "2321"]

1.e4 c5 2.Nf3 e6 3.d4 cxd4 4.Nxd4 Nc6 5.Nc3 Qc7 6.Be3 a6 7.Bd3 Nf6 8.O-O Ne5
9.h3 Bc5 10.Qd2 d6 11.Rfe1 O-O 12.Nb3 Bxe3 13.Rxe3 b5 14.Rae1 Ng6 15.a3 Bb7
16.Rg3 e5 17.Bf1 Rac8 18.Rd3 Rfd8 19.g3 Ne7 20.Bg2 Qb6 21.Rd1 Ne8 22.Kh2 Rc4
23.f4 f6 24.Rf1 Ng6 25.Nd5 Bxd5 26.Rxd5 Rdc8 27.c3 Ne7 28.Rd3 Qc7 29.fxe5 fxe5
30.Qg5 Ng6 31.h4 Qd8 32.Qf5 Qf6 33.Bh3 Qxf5 34.Bxf5 R8c7 35.Be6+ Kh8  1-0

[Event "Open Dutch Championship"]
[Site "Dieren NED"]
[Date "2005.08.03"]
[Round "8"]
[White "Van Veen,O"]
[Black "Van der Elburg,F"]
[Result "0-1"]
[WhiteElo "2207"]
[BlackElo "2290"]

1.e4 c5 2.Nf3 e6 3.d4 cxd4 4.Nxd4 Nc6 5.Nc3 Qc7 6.Be3 a6 7.Bc4 Nf6 8.Bb3 b5
9.Qe2 b4 10.Nd5 exd5 11.exd5 Nxd4 12.Bxd4+ Kd8 13.O-O-O Bc5 14.Qe3 Bxd4 15.Rxd4 Re8
16.Qf3 Qd6 17.Rhd1 a5 18.g4 Ba6 19.Bc4 Rc8 20.b3 Bxc4 21.bxc4 Qe5 22.d6 Ne4
23.Qe3 Rxc4 24.Rxe4 Qa1+ 25.Kd2 Qc3+ 26.Kc1 Qxc2+  0-1

[Event "15th ETC"]
[Site "Gothenburg SWE"]
[Date "2005.08.03"]
[Round "5"]
[White "Pelletier,Y"]
[Black "Andersson,U"]
[Result "1/2-1/2"]
[WhiteElo "2603"]
[BlackElo "2584"]

1.e4 c5 2.Nf3 e6 3.d4 cxd4 4.Nxd4 Nc6 5.Nc3 a6 6.Be2 d6 7.O-O Nf6 8.Kh1 Be7
9.f4 Qc7 10.Nxc6 bxc6 11.Qd3 O-O 12.b3 d5 13.e5 Nd7 14.Bb2 a5 15.Rae1 Re8
16.Qh3 Bf8 17.Bd3 g6 18.Nd1 a4 19.Ne3 axb3 20.axb3 Ra2 21.Bc3 Ba6 22.Bxa6  1/2-1/2

[Event "15th ETC Women"]
[Site "Gothenburg SWE"]
[Date "2005.08.03"]
[Round "5"]
[White "Mkrtchian,L"]
[Black "Botsari,A"]
[Result "0-1"]
[WhiteElo "2447"]
[BlackElo "2297"]

1.e4 c5 2.Nf3 e6 3.d4 cxd4 4.Nxd4 Nc6 5.Nc3 Qc7 6.Be3 a6 7.Qd2 Nf6 8.O-O-O Bb4
9.f3 d5 10.a3 Bd6 11.exd5 exd5 12.g4 Ne7 13.h4 Bd7 14.h5 h6 15.Kb1 O-O-O
16.Bd3 Kb8 17.Rdg1 Bc6 18.Qf2 Rde8 19.Nce2 Nd7 20.Ng3 Bf4 21.Bxf4 Qxf4 22.Ngf5 Nxf5
23.gxf5 Re3 24.Rh4 Qe5 25.Nxc6+ bxc6 26.Qd2 Kc7 27.Qa5+ Kd6 28.Rb4 Nc5 29.Rb6 Re8
30.Ka2 Rxf3 31.Qb4 Rf4 32.Qd2 Qd4 33.Rxg7 Nxd3 34.cxd3 Rxf5 35.Qh2+ Ree5
36.Rb7 Qxd3 37.Rg3 Qc4+ 38.Rgb3 a5 39.Qd2 a4 40.Qxh6+ Kc5 41.Qf8+ Kd4 42.Qg7 axb3+
43.Rxb3 Rf1 44.h6 f6 45.h7 Ree1 46.Qxf6+ Rxf6 47.h8=Q Rf1 48.Qh2 R1f3 49.Qg1+ Ke5
50.Qg5+ Kd6  0-1

[Event "ch-IRI Semi-Final"]
[Site "Tehran IRI"]
[Date "2005.08.03"]
[Round "1"]
[White "Rafiei,A1"]
[Black "Mohandesi,S"]
[Result "1-0"]
[WhiteElo "2174"]
[BlackElo "2325"]

1.e4 c5 2.Nf3 e6 3.Nc3 Nc6 4.d4 cxd4 5.Nxd4 Nf6 6.Be2 Bb4 7.Nxc6 dxc6 8.Bd3 e5
9.Bg5 h6 10.Bh4 Qe7 11.O-O Be6 12.Qe2 g5 13.Bg3 Nd7 14.Nd1 Bc5 15.Kh1 h5
16.f3 O-O-O 17.a3 h4 18.Bf2 Nf8 19.b4 Bxf2 20.Qxf2 Kb8 21.b5 c5 22.Nc3 Ng6
23.b6 axb6 24.Rfb1 c4 25.Bf1 Qc5 26.Qe1 Nf4 27.Na4 Qa5 28.Rb4 Rd6 29.Rab1 b5
30.Nc3 Bd7 31.a4 Rd8 32.axb5 Qb6 33.Rxc4 Rd4 34.Na4 Qd6 35.Qa5 Rxc4 36.Qxd8+ Rc8
37.Qa5 Rxc2 38.b6 Kc8 39.Rd1 Qb8 40.Nc5 Bc6 41.Na6 bxa6 42.Bxa6+ Bb7 43.Qc5+  1-0

[Event "ch-POR"]
[Site "Vila Real POR"]
[Date "2005.08.03"]
[Round "1"]
[White "Fernando,D"]
[Black "Rocha,S"]
[Result "1-0"]
[WhiteElo "2440"]
[BlackElo "2409"]

1.e4 c5 2.Nf3 e6 3.Nc3 Nc6 4.d4 cxd4 5.Nxd4 Qc7 6.g3 Nf6 7.Ndb5 Qb8 8.Bf4 e5
9.Bg5 a6 10.Bxf6 axb5 11.Bg5 b4 12.Nd5 Bc5 13.Bc4 d6 14.Qh5 Be6 15.Nf6+ gxf6
16.Bxe6 Rf8 17.Bh6 Nd4 18.Bxf8 Nxe6 19.Bh6 Bd4 20.Bc1 Qc7 21.Qe2 Ra5 22.O-O Rc5
23.a3 Rxc2 24.Qb5+ Ke7 25.axb4 Bxf2+ 26.Rxf2 Rxc1+ 27.Rxc1 Qxc1+ 28.Kg2 Qc8
29.Qe2 Ng5 30.Qc2 Qh3+ 31.Kh1 Qd7 32.Qc4 Ne6 33.b5 Qd8 34.Qf1 Qh8 35.b6 Nd4
36.Qc4 h5 37.Qc7+ Ke6 38.Qxb7 h4 39.g4 Qh6 40.Qc8+ Ke7 41.Qc3 Qg6 42.Qd3 Kd7
43.h3 Kc6 44.b4 Qg5 45.Kg2 Qc1 46.Rxf6 Qb2+ 47.Rf2 Qxb4 48.Rxf7 Kxb6 49.Rf1 Qb2+
50.Kh1 Kc6 51.Rb1 Qa2 52.Qc3+ Kd7 53.Rb7+ Ke6 54.Qc8+ Kf6 55.Qf8+ Kg5 56.Rg7+  1-0

[Event "Open Dutch Championship"]
[Site "Dieren NED"]
[Date "2005.08.04"]
[Round "9"]
[White "Van Geffen,B"]
[Black "Rietveld,R"]
[Result "1/2-1/2"]
[WhiteElo "2146"]
[BlackElo "2154"]

1.e4 c5 2.Nf3 e6 3.d4 cxd4 4.Nxd4 Nc6 5.Nc3 a6 6.g3 Nf6 7.Bg2 Be7 8.O-O Qc7
9.Re1 d6 10.Nxc6 bxc6 11.e5 dxe5 12.Rxe5 O-O 13.Re1 Bb7 14.Bf4 Qb6 15.Na4 Qa5
16.c4 Ra7 17.Qb3 Nd7 18.Red1 Ba8 19.Bd6 Bxd6 20.Rxd6 Qc7 21.Rad1 Nf6 22.Nc5 Qa5
23.Qe3 Rc7 24.a3 Ng4 25.Qg5 h6 26.Qxg4 Qxc5 27.b4 Qe5 28.c5 a5 29.h4 Bb7
30.Qe4 Qb2 31.R6d3 Ba6 32.Qd4 Qc2 33.R3d2 Qa4 34.Qd6 Rcc8 35.Be4 Bc4 36.Qd7 f5
37.Qb7 Bd5 38.Bxd5 exd5 39.bxa5 Qxa5 40.Qb4 Qxb4 41.axb4 Rb8 42.Rb2 Rb5 43.f3 Kf7
44.Kf2 Rfb8 45.Rdb1 Ra8 46.Ke3 Kf6 47.Kd4  1/2-1/2

[Event "92nd ch-GBR"]
[Site "Douglas IOM"]
[Date "2005.08.04"]
[Round "4"]
[White "Eggleston,T"]
[Black "Rayner,F"]
[Result "1-0"]
[WhiteElo "2166"]
[BlackElo "2216"]

1.e4 c5 2.Nf3 e6 3.d4 cxd4 4.Nxd4 Nc6 5.Nc3 Qc7 6.g3 a6 7.Bg2 Nf6 8.O-O d6
9.Re1 Rb8 10.Nxc6 bxc6 11.e5 dxe5 12.Rxe5 Bd6 13.Re2 O-O 14.b3 Bb7 15.Bb2 Rfd8
16.Rd2 Nd5 17.Ne4 Bb4 18.Rd3 f5 19.Ng5 Qe7 20.Nf3 Bc3 21.Bxc3 Nxc3 22.Qd2 Ne4
23.Qf4 Qf6 24.Re1 c5 25.Rxd8+ Rxd8 26.Qc7 Ba8 27.Ne5 h6 28.f3 Nc3 29.Qxc5 Nb5
30.c4 Nd4 31.Kf2 f4 32.Rd1 Nf5 33.Rd3 Kh7 34.Bf1 fxg3+ 35.hxg3 Qg5 36.Rxd8 Qxg3+
37.Ke2 Qh2+ 38.Kd1 Qxa2 39.Bd3 Qxb3+ 40.Bc2 Bxf3+ 41.Kc1 Qc3 42.Nxf3 Qxf3
43.Rf8 Qh1+ 44.Kb2 Qb7+ 45.Ka3 g6 46.Bxf5 exf5 47.Re8 Qf3+ 48.Kb4 a5+ 49.Kxa5 Qc3+
50.Qb4 Qxb4+ 51.Kxb4 f4 52.c5 Kg7 53.c6 f3 54.Re3  1-0

[Event "15th ETC"]
[Site "Gothenburg SWE"]
[Date "2005.08.04"]
[Round "6"]
[White "Akopian,Vl"]
[Black "Nisipeanu,LD"]
[Result "1/2-1/2"]
[WhiteElo "2705"]
[BlackElo "2679"]

1.e4 c5 2.Nf3 e6 3.d4 cxd4 4.Nxd4 Nc6 5.Nc3 Qc7 6.Be3 Nf6 7.Qd2 a6 8.O-O-O Bb4
9.f3 Ne7 10.Nde2 b5 11.Bf4 e5 12.Bg5 Bb7 13.Kb1 Ba5 14.Qd6 Nfd5 15.Qxc7 Nxc7
16.Ng3 f6  1/2-1/2

[Event "15th ETC Women"]
[Site "Gothenburg SWE"]
[Date "2005.08.04"]
[Round "6"]
[White "Arakhamia,K"]
[Black "Gara,A"]
[Result "1/2-1/2"]
[WhiteElo "2423"]
[BlackElo "2372"]

1.e4 c5 2.Nf3 e6 3.d4 cxd4 4.Nxd4 Nc6 5.Nc3 a6 6.Be3 Nf6 7.Bd3 Qc7 8.O-O Ne5
9.h3 Bc5 10.Kh1 d6 11.f4 Ng6 12.Qe1 Bd7 13.Nce2 e5 14.fxe5 dxe5 15.Nf5 Bxf5
16.exf5 Bxe3 17.Ng3 Ba7 18.fxg6 hxg6 19.Ne4 Ng4 20.Qg3 Ne3 21.Ng5 Nxf1 22.Rxf1 Rf8
23.Nxf7 Rxf7 24.Bxg6 O-O-O 25.Bxf7 Qxf7 26.Rxf7 Rd1+ 27.Kh2 Bg1+ 28.Kh1 Bf2+
29.Kh2  1/2-1/2

[Event "XV Open"]
[Site "La Pobla de Lillet ESP"]
[Date "2005.08.04"]
[Round "3"]
[White "Baron Rodriguez,Je"]
[Black "Sanchez,Ma"]
[Result "1-0"]
[WhiteElo "2445"]
[BlackElo "2010"]

1.e4 c5 2.Nf3 Nc6 3.Nc3 e6 4.d4 cxd4 5.Nxd4 Nf6 6.Nxc6 bxc6 7.e5 Nd5 8.Ne4 Qc7
9.f4 Qb6 10.c4 f5 11.cxd5 fxe4 12.d6 g6 13.h4 Bg7 14.Qa4 e3 15.h5 Bb7 16.h6 Bxe5
17.fxe5 O-O 18.Be2 Rf2 19.Qb3 Ba6 20.Bxa6 Qxa6 21.Qxe3 Rf5 22.Qe2 Qa5+ 23.Bd2 Qd5
24.Bc3 Rf4 25.Rd1 Qxa2 26.g3 Rf5 27.Rf1 Raf8 28.Rxf5 Rxf5 29.Kd2 a5 30.Rf1 a4
31.Rxf5 gxf5 32.Qh5 Qd5+ 33.Kc1 Kf8 34.Qh4  1-0

[Event "92nd ch-GBR"]
[Site "Douglas IOM"]
[Date "2005.08.05"]
[Round "5"]
[White "Conquest,S"]
[Black "Gordon,S"]
[Result "1-0"]
[WhiteElo "2503"]
[BlackElo "2390"]

1.e4 c5 2.Nf3 e6 3.d4 cxd4 4.Nxd4 Nc6 5.Nc3 d6 6.Be3 Nf6 7.Qd2 Be7 8.f3 O-O
9.O-O-O d5 10.Qe1 Bd7 11.Nxc6 Bxc6 12.e5 Nd7 13.f4 Qb8 14.h4 f6 15.exf6 Bxf6
16.Kb1 Kh8 17.h5 d4 18.Bxd4 Qxf4 19.Bxf6 Rxf6 20.Bb5 Bxb5 21.Nxb5 Qc4 22.Nd6 Qc7
23.Ne4 Rf5 24.h6 gxh6 25.Rxh6 Rg8 26.Nd6 Rd5 27.Rxd5 exd5 28.Qe7 Rg7 29.Qe8+ Rg8
30.Qe7 Rg7 31.Qe8+ Rg8 32.Qe6 Rxg2 33.Rxh7+ Kxh7 34.Qh3+ Kg8 35.Qxg2+ Kf8
36.Qxd5 Nc5 37.Qe5 Qe7 38.Qh8+  1-0

[Event "15th ETC Women"]
[Site "Gothenburg SWE"]
[Date "2005.08.05"]
[Round "7"]
[White "Pavlovskaia,E"]
[Black "Lallemand,R"]
[Result "1-0"]
[WhiteElo "2174"]
[BlackElo "2287"]

1.e4 c5 2.Nf3 e6 3.d4 cxd4 4.Nxd4 Nc6 5.Nc3 Qc7 6.Be3 Nf6 7.Bd3 a6 8.O-O Nxd4
9.Bxd4 Bc5 10.Bxc5 Qxc5 11.Qe2 d6 12.Kh1 e5 13.f4 Be6 14.f5 Bd7 15.Rf3 Bc6
16.Rg3 Kf8 17.Rf1 h5 18.h3 Rh7 19.Nd1 Ke7 20.h4 Rah8 21.c4 Ng4 22.Qd2 Qd4
23.Qe2 b5 24.cxb5 axb5 25.Nc3 b4 26.Bb5 bxc3 27.Bxc6 Rc8 28.Rxc3 Rhh8 29.Rfc1 Nf6
30.Rc4 Qb6 31.b4 Rc7 32.b5 Rhc8 33.a4 Ng4 34.R4c2 Ra7 35.Qd2 Rxa4 36.Qg5+ Kf8
37.Qxh5 Nf2+ 38.Kh2 Kg8 39.Bd5 Rf8 40.Rc8 Ra7 41.Rxf8+  1-0

[Event "15th ETC Women"]
[Site "Gothenburg SWE"]
[Date "2005.08.05"]
[Round "7"]
[White "Zawadzka,J"]
[Black "Djingarova,E"]
[Result "1-0"]
[WhiteElo "2402"]
[BlackElo "2277"]

1.e4 c5 2.Nf3 e6 3.d4 cxd4 4.Nxd4 Nc6 5.Nc3 Qc7 6.Be3 a6 7.Qd2 Nf6 8.O-O-O Bb4
9.f3 Ne5 10.Nb3 b5 11.Qe1 Be7 12.f4 Ng6 13.e5 Ng4 14.Bd2 Bb7 15.Bd3 Rc8 16.Ne4 O-O
17.Kb1 f5 18.exf6 Nxf6 19.Rf1 Nd5 20.g3 b4 21.h4 a5 22.h5 Nh8 23.Nd4 Qb6
24.Nf3 Nf7 25.g4 a4 26.g5 b3 27.cxb3 axb3 28.a3 Ba6 29.Qe2 Bxd3+ 30.Qxd3 Nd6
31.Nxd6 Bxd6 32.h6 g6 33.Nh4 Bxa3 34.Nxg6 Rf5 35.bxa3 hxg6 36.Rc1 Rc2 37.Rxc2 bxc2+
38.Kxc2 Qc6+ 39.Kd1 Qa4+ 40.Ke2 Kh7 41.Rf3 Qa7 42.Kf1 Qa4 43.Kg2 Qd1 44.Kh2 Nf6
45.gxf6 Rd5 46.f7 Rxd3 47.Rxd3 Qe2+ 48.Kg1 Qg4+ 49.Kf2 Qh4+ 50.Kg2 Qe7 51.Rxd7 Qxd7
52.f8=N+  1-0

[Event "15th ETC"]
[Site "Gothenburg SWE"]
[Date "2005.08.05"]
[Round "7"]
[White "Kett,T"]
[Black "Berend,E"]
[Result "0-1"]
[WhiteElo "2192"]
[BlackElo "2350"]

1.e4 c5 2.Nf3 e6 3.d4 cxd4 4.Nxd4 Nc6 5.Nc3 a6 6.Nxc6 bxc6 7.Bd3 d5 8.O-O Nf6
9.Qe2 Be7 10.e5 Nd7 11.Bf4 O-O 12.Rad1 Nc5 13.Rfe1 f5 14.exf6 Bxf6 15.Be5 Qb6
16.Bd6 Rf7 17.Qe3 d4 18.Bxc5 Qxc5 19.Qh3 dxc3 20.Qxh7+ Kf8 21.Bxa6 g6 22.Qh6+ Bg7
23.Qh4 g5  0-1

[Event "15th ETC"]
[Site "Gothenburg SWE"]
[Date "2005.08.05"]
[Round "7"]
[White "Carlsson,P"]
[Black "Kritz,L"]
[Result "0-1"]
[WhiteElo "2394"]
[BlackElo "2544"]

1.e4 c5 2.Nf3 Nc6 3.Nc3 e6 4.d4 cxd4 5.Nxd4 d6 6.Be2 Nf6 7.O-O Be7 8.Be3 O-O
9.f4 Bd7 10.Qe1 Nxd4 11.Bxd4 Bc6 12.Qg3 g6 13.Bf3 b5 14.a3 a5 15.Rad1 b4
16.axb4 axb4 17.e5 Bxf3 18.Qxf3 bxc3 19.exf6 Bxf6 20.Qxc3 Be7 21.Qe3 Rc8
22.Rf2 Rc6 23.b3 Bf6 24.c4 Bxd4 25.Rxd4 Qc7 26.Rfd2 Rb8 27.h3 Rcb6 28.R4d3 Kf8
29.Kh2 h5 30.Qg3 Qc5 31.Re2 Ra8 32.Red2 Ra1 33.Rd1 Rxd1 34.Rxd1 Ke7 35.Ra1 Rb8
36.Qh4+ f6 37.Qg3 Kf7 38.Ra6 Rb7 39.Qf3 Qb4 40.Qc6 Re7 41.Rb6 Qe1 42.Qxd6 h4
43.f5 gxf5 44.c5 Qf2 45.Rb4 e5 46.Qd5+ Kg6 47.Qf3 Qe1 48.Rb8 e4 49.Qf4 e3
50.Rg8+ Rg7 51.Re8 Qg3+ 52.Qxg3+ hxg3+ 53.Kg1 Rd7 54.Kf1 f4 55.c6 Rd1+ 56.Ke2 Rd2+
57.Kf1 Rf2+ 58.Ke1 Rc2 59.Re4 Kg5 60.h4+ Kh5 61.Rxf4 Rxg2 62.Kf1 Rc2 63.Rc4 g2+
64.Kg1 Rxc4  0-1

[Event "Ave-Kontakt Cup IMB"]
[Site "Olomouc CZE"]
[Date "2005.08.05"]
[Round "3"]
[White "Vavra,P1"]
[Black "Vovk,Y"]
[Result "0-1"]
[WhiteElo "2346"]
[BlackElo "2435"]

1.e4 c5 2.Nf3 Nc6 3.Nc3 e6 4.d4 cxd4 5.Nxd4 Qc7 6.Be3 a6 7.Bd3 Nf6 8.O-O b5
9.Nxc6 dxc6 10.f4 e5 11.fxe5 Ng4 12.Bf4 Be6 13.Qe2 Bc5+ 14.Kh1 Rd8 15.a4 O-O
16.axb5 axb5 17.Nd1 Bd4 18.h3 Bxe5 19.Bd2 Bxb2  0-1

[Event "4th Chiuso Hotel Petra"]
[Site "Rome ITA"]
[Date "2005.08.05"]
[Round "2"]
[White "Martorelli,A"]
[Black "Romanishin,O"]
[Result "0-1"]
[WhiteElo "2277"]
[BlackElo "2570"]

1.e4 c5 2.Nf3 e6 3.d4 cxd4 4.Nxd4 Nc6 5.Nc3 a6 6.Nxc6 bxc6 7.Bd3 d5 8.O-O Nf6
9.Re1 Be7 10.e5 Nd7 11.Qg4 g6 12.Bh6 Rb8 13.Nd1 Rb4 14.Qe2 a5 15.g3 Bg5 16.Bxg5 Qxg5
17.c3 Rb8 18.h4 Qe7 19.Qd2 O-O 20.c4 f6 21.exf6 Qxf6 22.Qc3 Qxc3 23.bxc3 Nc5
24.Bf1 Ba6 25.Bh3 Bxc4 26.Bxe6+ Kg7 27.Bh3 Rf7 28.Ne3 Nd3 29.Rf1 Ba6 30.Bg2 Rb2
31.Nd1 Rd2 32.a4 Nc5 33.Re1 Be2 34.Bf1 Bxd1 35.Raxd1 Rxd1 36.Rxd1 Nxa4 37.Ra1 Nxc3
38.Rxa5 Ne4 39.Ra6 Rxf2 40.Rxc6 Rf6 41.Rc7+ Rf7 42.Rxf7+ Kxf7 43.Kg2 Ke6
44.Bd3 Ke5 45.Kf3 Nc5 46.Be2 d4 47.Kg4 d3 48.Bf1 d2 49.Be2 Ne4 50.Bf3 h5+  0-1